| 000 | 00610pam a2200169 a 4500 | ||
|---|---|---|---|
| 020 | _a0632034157 (alk. paper) | ||
| 082 | 0 | 0 |
_a693/.522 _bELL _cL-NUST. P-15 |
| 100 | 1 |
_aElliott, Kim S. _945441 |
|
| 245 | 1 | 0 |
_aMulti-storey precast concrete framed structures / _cKim S. Elliott. |
| 260 |
_aOxford [England] ; _aCambridge, MA, USA : _bBlackwell Science, _c1996. |
||
| 300 |
_axxi, 601 p. : _bill. ; _c25 cm. |
||
| 526 |
_a0 _b0 _c0 _d693_522000000000000_ELL |
||
| 650 | 0 |
_aNUST _96342 |
|
| 650 | 0 |
_aPrecast concrete construction. _921295 |
|
| 650 | 0 |
_aTall buildings _xDesign and construction. _91049 |
|
| 942 |
_2ddc _cBK |
||
| 999 |
_c548964 _d548964 |
||